[Event "Sachsen Anhalt 1-NRW 2"]
[Site "Gladenbach"]
[Date "2011.09.14"]
[Round "4.3"]
[White "Bogorad, Michail"]
[Black "Csulits, Anton"]
[Result "0-1"]
[WhiteElo "2026"]
[BlackElo "2051"]
[PlyCount "86"]
[EventDate "2011.??.??"]
[WhiteTeam "NRW 2"]
[BlackTeam "Sachsen Anhalt 1"]

1. e4 c5 2. Nc3 Nc6 3. g3 g6 4. Bg2 Bg7 5. Nge2 d6 6. O-O e6 7. a3 Nge7 8. Rb1
Rb8 9. b4 O-O 10. b5 Nd4 11. Nxd4 cxd4 12. Ne2 d5 13. d3 e5 14. Bg5 f6 15. Bd2
dxe4 16. dxe4 Be6 17. Re1 Rf7 18. Nc1 Qc7 19. Nd3 Rc8 20. Rb2 f5 21. exf5 gxf5
22. Nf4 Bc4 23. Nh5 Bh8 24. g4 f4 25. Be4 Bd5 26. Qf3 Bxe4 27. Qxe4 Ng6 28. Bb4
Qd7 29. h3 Qxb5 30. Reb1 Qc6 31. f3 Qxe4 32. fxe4 b6 33. a4 Rfc7 34. a5 Rxc2
35. Rxc2 Rxc2 36. axb6 axb6 37. Ra1 Rc8 38. Ra6 d3 39. Rxb6 Rc1+ 40. Kf2 Rc2+
41. Ke1 Rc1+ 42. Kd2 f3 43. Ng3 f2 {rest unleserlich} 0-1

[Event "Sachsen Anhalt 1-NRW 2"]
[Site "Gladenbach"]
[Date "2011.09.14"]
[Round "4.4"]
[White "Werchan, Hans"]
[Black "Groß, Werner"]
[Result "1/2-1/2"]
[WhiteElo "2019"]
[BlackElo "2095"]
[PlyCount "53"]
[EventDate "2011.??.??"]
[WhiteTeam "Sachsen Anhalt 1"]
[BlackTeam "NRW 2"]

1. Nf3 c5 2. c4 Nc6 3. g3 b6 4. Bg2 Bb7 5. O-O Nf6 6. b3 e6 7. Bb2 Qc7 8. Nc3
a6 9. e3 Rc8 10. d4 cxd4 11. exd4 d5 12. cxd5 exd5 13. Re1+ Be7 14. Rc1 Qd6 15.
Na4 Nd8 16. Rxc8 Bxc8 17. Qc1 Be6 18. Ng5 O-O 19. Nxe6 Nxe6 20. Bh3 Ne4 21. Qe3
Bg5 22. f4 Bf6 23. Bxe6 Qxe6 24. Nc3 Re8 25. Nxe4 dxe4 26. d5 Qxd5 27. Bxf6
1/2-1/2

[Event "Brandenburg-Bayern 1"]
[Site "Gladenbach"]
[Date "2011.09.14"]
[Round "4.2"]
[White "Grottke, Hans-Joachim"]
[Black "Röder, Gerd"]
[Result "1/2-1/2"]
[WhiteElo "2178"]
[BlackElo "2095"]
[PlyCount "89"]
[EventDate "2011.??.??"]
[WhiteTeam "Brandenburg"]
[BlackTeam "Bayern 1"]

1. e4 c5 2. Nf3 Nc6 3. Bb5 g6 4. Bxc6 dxc6 5. d3 Bg7 6. O-O Nf6 7. Nc3 Bg4 8.
h3 Bxf3 9. Qxf3 O-O 10. Qe2 Nd7 11. Bd2 e6 12. Rae1 Qc7 13. Nd1 Rfe8 14. Bc3
Bd4 15. e5 b5 16. Qe4 Qb6 17. Ne3 Nxe5 18. Bxd4 cxd4 19. Qxe5 dxe3 20. fxe3
Rad8 21. Qf6 Rd7 22. Kh1 Qc5 23. Rf2 Qe7 24. Qc3 c5 25. Ref1 f5 26. e4 Rc8 27.
exf5 exf5 28. Re1 Qf7 29. Rfe2 b4 30. Qe5 c4 31. d4 c3 32. b3 Qd5 33. Qxd5+
Rxd5 34. Re7 Rxd4 35. Rxa7 Rd2 36. Ree7 Rxc2 37. Rg7+ Kf8 38. Rxh7 Kg8 39.
Rag7+ Kf8 40. Rxg6 Re8 41. Rgg7 Ree2 42. Kh2 Rf2 43. Rf7+ Ke8 44. Rfg7 Kf8 45.
Rf7+ 1/2-1/2

[Event "Brandenburg-Bayern 1"]
[Site "Gladenbach"]
[Date "2011.09.14"]
[Round "4.3"]
[White "Röder, Frank"]
[Black "Tröger, Rainer"]
[Result "1-0"]
[WhiteElo "2104"]
[BlackElo "2060"]
[PlyCount "86"]
[EventDate "2011.??.??"]
[WhiteTeam "Bayern 1"]
[BlackTeam "Brandenburg"]

1. e4 g6 2. d4 Bg7 3. Be3 c6 4. Nc3 d6 5. g3 Nd7 6. Bg2 Ngf6 7. h3 O-O 8. Nge2
Re8 9. O-O e5 10. Qd2 Qe7 11. Rad1 a5 12. d5 c5 13. b3 Nb6 14. a4 Bd7 15. Kh2
Ra6 16. Rfe1 Rc8 17. Nc1 Nh5 18. Bf3 f5 19. exf5 Rf8 20. Be2 Raa8 21. fxg6 hxg6
22. Ne4 Bf5 23. Ng5 Nf6 24. c4 Bh6 25. Bf3 Bxg5 26. Bxg5 Rf7 27. g4 Bd7 28. Ne2
Rh7 29. Ng1 Kg7 30. Kg2 Be8 31. Rc1 Nbd7 32. Rc3 b6 33. Bd1 Bf7 34. Bc2 Rah8
35. f4 Qe8 36. Rg3 Qc8 37. Nf3 exf4 38. Qxf4 Qf8 39. Rf1 Bg8 40. Nd2 Nxd5 41.
Qxf8+ Nxf8 42. cxd5 Bxd5+ 43. Be4 Ne6 1-0

[Event "Brandenburg-Bayern 1"]
[Site "Gladenbach"]
[Date "2011.09.14"]
[Round "4.4"]
[White "Rödel, Egmar"]
[Black "Oechslein, Rainer"]
[Result "1/2-1/2"]
[WhiteElo "1908"]
[BlackElo "2110"]
[PlyCount "21"]
[EventDate "2011.??.??"]
[WhiteTeam "Brandenburg"]
[BlackTeam "Bayern 1"]

1. d4 Nf6 2. Nc3 c5 3. d5 d6 4. e4 g6 5. Be2 Bg7 6. Nf3 O-O 7. O-O Na6 8. Bf4
Nc7 9. a4 b6 10. Nd2 e5 11. Bg3 1/2-1/2

[Event "Niedersachsen 1-Hessen 2"]
[Site "Gladenbach"]
[Date "2011.09.14"]
[Round "4.1"]
[White "Isserman, Ryhor"]
[Black "Clemens, Christian"]
[Result "1/2-1/2"]
[WhiteElo "2251"]
[BlackElo "2241"]
[PlyCount "20"]
[EventDate "2011.??.??"]
[WhiteTeam "Hessen 2"]
[BlackTeam "Niedersachsen 1"]

1. e4 d5 2. exd5 Qxd5 3. Nc3 Qd6 4. Nb5 Qb6 5. Nf3 Nf6 6. d4 Bg4 7. Na3 Qe6+ 8.
Qe2 Qxe2+ 9. Bxe2 Nc6 10. c3 e6 1/2-1/2

[Event "Niedersachsen 1-Hessen 2"]
[Site "Gladenbach"]
[Date "2011.09.14"]
[Round "4.2"]
[White "Dornieden, Manfred"]
[Black "Zunker, Reinhard"]
[Result "1-0"]
[WhiteElo "2092"]
[BlackElo "2019"]
[PlyCount "91"]
[EventDate "2011.??.??"]
[WhiteTeam "Niedersachsen 1"]
[BlackTeam "Hessen 2"]

1. g3 e5 2. Bg2 Nc6 3. c4 f5 4. Nc3 Nf6 5. d3 Bb4 6. Bd2 O-O 7. a3 Bxc3 8. Bxc3
d6 9. e3 Qe8 10. Ne2 Be6 11. O-O Rd8 12. b4 b6 13. Rc1 g5 14. Bb2 Bd7 15. Nc3
a6 16. Nd5 Rc8 17. Nxf6+ Rxf6 18. f4 Rg6 19. Bxc6 Bxc6 20. fxe5 Qe6 21. d4 Be4
22. d5 Qe8 23. e6 h6 24. Qd4 Kh7 25. Rf2 c5 26. bxc5 bxc5 27. Qc3 h5 28. Rcf1
Qe7 29. Rxf5 Bxf5 30. Rxf5 Kh6 31. Rf7 Qe8 32. Qc2 Rb8 33. Bc3 Qg8 34. e4 Rf8
35. Qf2 Rxf7 36. Qxf7 Qb8 37. Kg2 Qg8 38. e5 Qh8 39. e7 Rg8 40. Qe6+ Kh7 41.
Qxd6 Qg7 42. Qe6 Qg6 43. Qxg6+ Kxg6 44. d6 Kf7 45. Kf3 Ke6 46. Ke4 1-0

[Event "Niedersachsen 1-Hessen 2"]
[Site "Gladenbach"]
[Date "2011.09.14"]
[Round "4.3"]
[White "Niebling, Ferdinand"]
[Black "Ljubarskij, Juri"]
[Result "1/2-1/2"]
[WhiteElo "2009"]
[BlackElo "2133"]
[PlyCount "63"]
[EventDate "2011.??.??"]
[WhiteTeam "Hessen 2"]
[BlackTeam "Niedersachsen 1"]

1. d4 d5 2. c4 c6 3. Nf3 Nf6 4. Nc3 e6 5. Bg5 Nbd7 6. e3 Bd6 7. Qc2 O-O 8. Rd1
Re8 9. Be2 b6 10. O-O Bb7 11. e4 dxe4 12. Nxe4 Be7 13. Nxf6+ Bxf6 14. Bxf6 Qxf6
15. Bd3 h6 16. Rfe1 Rad8 17. Be4 Rc8 18. Ne5 Qe7 19. Re3 Nf6 20. Bf3 Red8 21.
h3 Ba8 22. a3 Qc7 23. b4 c5 24. dxc5 Rxd1+ 25. Qxd1 Bxf3 26. Qxf3 bxc5 27. b5
Rd8 28. Rd3 Rxd3 29. Nxd3 Qd6 30. Qe3 Nd7 31. g3 Nb6 32. Nb2 1/2-1/2

[Event "Niedersachsen 1-Hessen 2"]
[Site "Gladenbach"]
[Date "2011.09.14"]
[Round "4.4"]
[White "Adibekian, Roubik"]
[Black "Limberg, Siegfried"]
[Result "1-0"]
[WhiteElo "2051"]
[BlackElo "2032"]
[PlyCount "72"]
[EventDate "2011.??.??"]
[WhiteTeam "Niedersachsen 1"]
[BlackTeam "Hessen 2"]

1. d4 Nf6 2. Nf3 b6 3. g3 Bb7 4. Bg2 e6 5. O-O Be7 6. c4 O-O 7. Nc3 d6 8. Qc2
Nbd7 9. e4 e5 10. Rd1 Qb8 11. h3 c6 12. Be3 Rd8 13. Rd2 Qc7 14. Rad1 Nf8 15. c5
bxc5 16. dxe5 dxe5 17. Rxd8 Rxd8 18. Rxd8 Bxd8 19. Bxc5 Ne6 20. Be3 c5 21. Nd2
Nd4 22. Qa4 Qa5 23. Qxa5 Bxa5 24. Bf1 Kf8 25. f3 Ke7 26. Kf2 Nd7 27. Bd3 f6 28.
Nc4 Bc7 29. Na3 Bc6 30. Bd2 Nb6 31. Ba6 h6 32. Ncb5 Bb8 33. b4 Nxb5 34. Bxb5
Bxb5 35. Nxb5 cxb4 36. Bxb4+ Kd7 {Rest nicht lesbar} 1-0

[Event "Niedersachsen 2-Württemberg 1"]
[Site "Gladenbach"]
[Date "2011.09.14"]
[Round "4.1"]
[White "Frick, Christoph"]
[Black "Hilburt, Leonid"]
[Result "1/2-1/2"]
[WhiteElo "2205"]
[BlackElo "1994"]
[PlyCount "64"]
[EventDate "2011.??.??"]
[WhiteTeam "Württemberg 1"]
[BlackTeam "Niedersachsen 2"]

1. Nc3 e5 2. Nf3 Nc6 3. d4 exd4 4. Nxd4 Bb4 5. Nxc6 Bxc3+ 6. bxc3 dxc6 7. Qd4
Qf6 8. Bf4 Qxd4 9. cxd4 Bf5 10. O-O-O O-O-O 11. f3 Be6 12. e4 Bxa2 13. c4 Bb3
14. Rd2 a5 15. Kb2 a4 16. Kc3 Ne7 17. Bd3 b6 18. Rb1 Kb7 19. h4 g6 20. h5 f6
21. g4 Rd7 22. Be3 Ra8 23. f4 Rf8 24. Rg1 Ng8 25. Rdg2 Re7 26. Rg3 b5 27. e5
Ra8 28. cxb5 Bd5 29. bxc6+ Kxc6 30. Rb1 a3 31. Bb5+ Kb7 32. Bc4+ Kc6 1/2-1/2

[Event "Niedersachsen 2-Württemberg 1"]
[Site "Gladenbach"]
[Date "2011.09.14"]
[Round "4.2"]
[White "Rickers, Gerd"]
[Black "Rapp, Uwe"]
[Result "1/2-1/2"]
[WhiteElo "1902"]
[BlackElo "2080"]
[PlyCount "72"]
[EventDate "2011.??.??"]
[WhiteTeam "Niedersachsen 2"]
[BlackTeam "Württemberg 1"]

1. d4 d5 2. Nf3 Nf6 3. c4 e6 4. Nc3 Be7 5. Bg5 O-O 6. e3 h6 7. Bh4 Ne4 8. Bxe7
Qxe7 9. Qc2 c6 10. Bd3 Nxc3 11. Qxc3 b6 12. O-O Bb7 13. Rac1 Nd7 14. cxd5 exd5
15. Bf5 g6 16. Bxd7 Qxd7 17. b4 Qd6 18. Rb1 Bc8 19. Ne5 Bd7 20. Rfc1 Rfc8 21.
Rb2 Kg7 22. a3 f6 23. Nxd7 Qxd7 24. Qd3 Rc7 25. Rbc2 Rac8 26. h3 h5 27. Rc3 Qd6
28. Qa6 Qe7 29. Qa4 Qd6 30. Qc2 Kf7 31. g3 Kg7 32. Kg2 Kf7 33. Qd2 Kg7 34. h4
Qe6 35. R1c2 Qe7 36. Qc1 Qd6 1/2-1/2

[Event "Niedersachsen 2-Württemberg 1"]
[Site "Gladenbach"]
[Date "2011.09.14"]
[Round "4.3"]
[White "Weisenburger, Horst"]
[Black "Davydov, Mihail"]
[Result "1-0"]
[WhiteElo "2063"]
[BlackElo "1891"]
[PlyCount "45"]
[EventDate "2011.??.??"]
[WhiteTeam "Württemberg 1"]
[BlackTeam "Niedersachsen 2"]

1. f4 e5 2. fxe5 d6 3. Nf3 g5 4. exd6 Bxd6 5. c3 g4 6. Qa4+ Nc6 7. Nd4 Qh4+ 8.
g3 Bxg3+ 9. hxg3 Qxh1 10. Nb5 Nf6 11. Nxc7+ Ke7 12. d3 Nh5 13. Bg5+ f6 14. Bh4
Rb8 15. Nd2 Be6 16. Nxe6 Nxg3 17. Bxg3 Kxe6 18. Qxg4+ f5 19. Qc4+ Kf6 20. Bxb8
Rxb8 21. O-O-O h5 22. e4 f4 23. e5+ 1-0

[Event "Niedersachsen 2-Württemberg 1"]
[Site "Gladenbach"]
[Date "2011.09.14"]
[Round "4.4"]
[White "Rychlik, Kurt"]
[Black "Gerstenberger, Heinz"]
[Result "1/2-1/2"]
[WhiteElo "1896"]
[BlackElo "2055"]
[PlyCount "44"]
[EventDate "2011.??.??"]
[WhiteTeam "Niedersachsen 2"]
[BlackTeam "Württemberg 1"]

1. d4 e6 2. c4 f5 3. g3 Nf6 4. Bg2 Bb4+ 5. Bd2 Bxd2+ 6. Nxd2 d5 7. e3 c6 8.
Ngf3 Nbd7 9. O-O O-O 10. Qc2 Ne4 11. b4 Qe7 12. a3 g5 13. Nxe4 fxe4 14. Nd2 Nf6
15. f3 exf3 16. Bxf3 Bd7 17. e4 dxe4 18. Nxe4 Nxe4 19. Bxe4 Qg7 20. Qd3 Rad8
21. Rxf8+ Rxf8 22. Rf1 Rxf1+ 1/2-1/2

[Event "Hamburg-Sachsen"]
[Site "Gladenbach"]
[Date "2011.09.14"]
[Round "4.1"]
[White "Bodach, Hans"]
[Black "Hess, Christian"]
[Result "1/2-1/2"]
[WhiteElo "2113"]
[BlackElo "2179"]
[PlyCount "58"]
[EventDate "2011.??.??"]
[WhiteTeam "Sachsen"]
[BlackTeam "Hamburg"]

1. e4 c6 2. d4 d5 3. Nc3 dxe4 4. Nxe4 Bf5 5. Ng3 Bg6 6. h4 h6 7. N1e2 Nf6 8.
Nf4 Bh7 9. Bc4 e6 10. O-O Bd6 11. c3 O-O 12. Ngh5 Nxh5 13. Qxh5 Nd7 14. Re1 Re8
15. g3 Qf6 16. Be3 e5 17. dxe5 Rxe5 18. Qg4 Bf5 19. Qd1 Rae8 20. Rf1 R5e7 21.
Qd2 b5 22. Bd4 Be5 23. Bd3 Bxd4 24. cxd4 Bxd3 25. Qxd3 Nb6 26. Rfd1 Rd7 27.
Rac1 Red8 28. Qc3 Rxd4 29. Rxd4 Qxd4 1/2-1/2

[Event "Hamburg-Sachsen"]
[Site "Gladenbach"]
[Date "2011.09.14"]
[Round "4.3"]
[White "Weidlich, Günter"]
[Black "Engelbert, Christoph"]
[Result "1/2-1/2"]
[WhiteElo "2110"]
[BlackElo "2090"]
[PlyCount "85"]
[EventDate "2011.??.??"]
[WhiteTeam "Sachsen"]
[BlackTeam "Hamburg"]

1. d4 g6 2. c4 Bg7 3. Nc3 d6 4. Nf3 Bg4 5. e3 c5 6. Be2 Nh6 7. O-O cxd4 8. Nxd4
Bxe2 9. Ndxe2 O-O 10. b3 a6 11. a4 Ng4 12. Rb1 Nf6 13. Qd2 Nc6 14. Rd1 Qc8 15.
Ba3 Qf5 16. Nd4 Nxd4 17. exd4 Rfe8 18. d5 Ne4 19. Nxe4 Qxe4 20. a5 Rab8 21.
Rbc1 b6 22. axb6 Rxb6 23. b4 Rc8 24. Qd3 Qxd3 25. Rxd3 Rb7 26. c5 Rb5 27. c6
Bf8 28. Re1 e6 29. dxe6 fxe6 30. Rxe6 Rxc6 31. Rf3 Rf5 32. Rxf5 gxf5 33. Kf1
Rc3 34. Re3 Rxe3 35. fxe3 d5 36. Ke2 a5 37. Kd3 Bxb4 38. Bxb4 axb4 39. Kc2 Kf7
40. Kb3 Ke6 41. Kxb4 Ke5 42. Kc3 Ke4 43. Kd2 1/2-1/2

[Event "Hamburg-Sachsen"]
[Site "Gladenbach"]
[Date "2011.09.14"]
[Round "4.4"]
[White "Schulz, Wolfgang"]
[Black "Lenk, Wolfgang"]
[Result "0-1"]
[WhiteElo "2005"]
[BlackElo "2071"]
[PlyCount "138"]
[EventDate "2011.??.??"]
[WhiteTeam "Hamburg"]
[BlackTeam "Sachsen"]

1. e4 d6 2. d4 Nf6 3. Nc3 g6 4. Be3 Bg7 5. h3 c6 6. Nf3 O-O 7. Qd2 b5 8. Bd3 b4
9. Ne2 a5 10. a3 bxa3 11. Rxa3 Bb7 12. O-O c5 13. Ng3 c4 14. Bxc4 Nxe4 15. Nxe4
Bxe4 16. Bh6 Qc7 17. Bxg7 Kxg7 18. Qe2 d5 19. Bd3 Bxf3 20. Qxf3 Qd6 21. Rfa1
Nc6 22. c3 Rab8 23. Qe2 e5 24. dxe5 Qxe5 25. R3a2 Rfe8 26. Qf3 Rb6 27. Rd1 d4
28. Bc4 Qc7 29. Bd5 dxc3 30. Qxc3+ Qe5 31. Qc4 Qe2 32. Raa1 Qxc4 33. Bxc4 Rxb2
34. Rd7 Ne5 35. Rc7 Nxc4 36. Rxc4 Ree2 37. Rf4 Ra2 38. Rc1 Re6 39. Rc7 Rf6 40.
Rxf6 Kxf6 41. Rc6+ Kg7 42. Rc7 h5 43. h4 Ra1+ 44. Kh2 Ra4 45. g3 Rb4 46. Ra7
Rb5 47. Kg2 Kf6 48. Kf3 Rb3+ 49. Kf4 Rb4+ 50. Kf3 Ra4 51. Ke3 Ke6 52. Ra6+ Ke5
53. Ra7 f6 54. Ra6 Ra3+ 55. Ke2 a4 56. Ra5+ Ke4 57. f3+ Kd4 58. Ra6 Ra2+ 59.
Kf1 f5 60. Rxg6 Ke3 61. Rg5 a3 62. Rxf5 Rb2 63. Rxh5 a2 64. Ra5 Rb1+ 65. Kg2
a1=Q 66. Rxa1 Rxa1 67. h5 Ra5 68. Kh3 Rxh5+ 69. Kg4 Rh8 0-1

[Event "Hessen 3-Berlin 2"]
[Site "Gladenbach"]
[Date "2011.09.14"]
[Round "4.1"]
[White "Welz, Peter"]
[Black "Kripp, Wolfgang"]
[Result "1-0"]
[WhiteElo "2036"]
[BlackElo "1963"]
[PlyCount "165"]
[EventDate "2011.??.??"]
[WhiteTeam "Berlin 2"]
[BlackTeam "Hessen 3"]

1. e4 Nf6 2. e5 Nd5 3. d4 d6 4. c4 Nb6 5. f4 dxe5 6. fxe5 Nc6 7. Be3 Bf5 8. Nc3
e6 9. Nf3 Bg4 10. Be2 Bxf3 11. gxf3 Qh4+ 12. Bf2 Qh3 13. c5 Nd7 14. f4 Be7 15.
Qd3 Qxd3 16. Bxd3 Nb4 17. Be4 c6 18. f5 exf5 19. Bxf5 g6 20. Be4 f5 21. Bb1 Rd8
22. a3 Nd5 23. Nxd5 cxd5 24. b4 a6 25. a4 Kf7 26. O-O Ke6 27. Bd3 Ra8 28. Rfb1
Rhc8 29. b5 axb5 30. axb5 Bg5 31. b6 Bd2 32. Ra7 Rab8 33. Bb5 g5 34. Rb2 Bf4
35. Rb3 h5 36. Kg2 h4 37. h3 Bd2 38. Ra2 Bf4 39. Rf3 Ra8 40. Bd3 Rf8 41. Ra7
Rab8 42. Be3 Rg8 43. Kf1 Nxe5 44. dxe5 Kxe5 45. Bxf4+ gxf4 46. Ra4 d4 47. Ra2
Rg3 48. Kf2 Rbg8 49. Re2+ Kd5 50. Bxf5 Rg2+ 51. Kf1 Rxe2 52. Kxe2 Rf8 53. Rxf4
Kxc5 54. Kf3 Kxb6 55. Kg4 Kc5 56. Kxh4 d3 57. Kg3 d2 58. Bg4 Rg8 59. Rf1 Kd4
60. h4 b5 61. h5 b4 62. Kh4 b3 63. h6 b2 64. Kh5 Rb8 65. Bf5 Ke3 66. h7 Ke2 67.
Rb1 Ke3 68. Kg5 Ke2 69. Rxb2 Rxb2 70. h8=Q Rb5 71. Qe8+ Kf2 72. Qd7 Ke1 73.
Qe6+ Kf2 74. Qd6 Ke1 75. Qg3+ Ke2 76. Qg2+ Ke1 77. Qe4+ Kf2 78. Qd3 Ke1 79.
Qe3+ Kd1 80. Kf4 Kc1 81. Be4 Rb3 82. Qxb3 d1=Q 83. Qc3+ 1-0

[Event "Hessen 3-Berlin 2"]
[Site "Gladenbach"]
[Date "2011.09.14"]
[Round "4.2"]
[White "Orwatsch, Gerhard"]
[Black "Burger, Heinrich"]
[Result "0-1"]
[WhiteElo "1991"]
[BlackElo "2014"]
[PlyCount "118"]
[EventDate "2011.??.??"]
[WhiteTeam "Hessen 3"]
[BlackTeam "Berlin 2"]

1. d4 Nf6 2. Bf4 g6 3. Nd2 Bg7 4. c3 O-O 5. e4 d6 6. Be2 Nbd7 7. Ngf3 Nh5 8.
Be3 e5 9. dxe5 dxe5 10. Qc2 Qe7 11. g3 b6 12. Nh4 Nf4 13. Bf1 Bb7 14. Ng2 Nxg2+
15. Bxg2 Nc5 16. Nb3 Ne6 17. O-O c5 18. Nd2 b5 19. Rfd1 c4 20. a4 a6 21. axb5
axb5 22. b3 Nd4 23. Qb2 b4 24. Rxa8 Rxa8 25. Bf1 bxc3 26. Qxc3 Nxb3 27. Nxc4
Nd4 28. Nd2 h5 29. Qb2 Kh7 30. Bg2 Bc8 31. h3 Be6 32. Qb6 Rc8 33. Nf1 Qd7 34.
Bxd4 exd4 35. Kh2 Rc7 36. Rd2 Rc1 37. Qb2 Rc8 38. Qb1 Qa7 39. Qd1 Qc7 40. h4
Qc3 41. Rd3 Qb4 42. Bh3 Bxh3 43. Kxh3 Rc3 44. Kg2 Rc7 45. Nd2 Qb7 46. f3 Qc8
47. g4 Rc3 48. Qe2 hxg4 49. f4 f5 50. e5 Qc6+ 51. Kf2 Bf8 52. Nf1 Rc2 53. Rd2
Rc3 54. Rd3 Be7 55. Kg1 Rc2 56. Rd2 Rc3 57. Rd3 Qe4 58. Qxe4 fxe4 59. Rxc3 dxc3
0-1

[Event "Hessen 3-Berlin 2"]
[Site "Gladenbach"]
[Date "2011.09.14"]
[Round "4.3"]
[White "Krug, Peter"]
[Black "Biller, Helmut"]
[Result "1-0"]
[WhiteElo "2056"]
[BlackElo "1973"]
[PlyCount "51"]
[EventDate "2011.??.??"]
[WhiteTeam "Berlin 2"]
[BlackTeam "Hessen 3"]

1. e4 e6 2. d4 d5 3. Nc3 Bb4 4. exd5 exd5 5. Bd3 Nc6 6. Nge2 Bg4 7. f3 Be6 8.
O-O Nge7 9. a3 Bxc3 10. bxc3 O-O 11. Ng3 Qd7 12. Rb1 b6 13. Re1 Rfe8 14. Bf4
Ng6 15. Bd2 f6 16. Nh5 Qd6 17. f4 Qd7 18. Rxe6 Qxe6 19. f5 Qd6 20. fxg6 hxg6
21. Bxg6 Re7 22. Ng3 Rd7 23. Qh5 Ne7 24. Nf5 Nxf5 25. Bxf5 Rdd8 26. Re1 1-0

[Event "Hessen 3-Berlin 2"]
[Site "Gladenbach"]
[Date "2011.09.14"]
[Round "4.4"]
[White "Schlag, Franz"]
[Black "Sprotte, Norbert"]
[Result "1/2-1/2"]
[WhiteElo "1847"]
[BlackElo "2146"]
[PlyCount "92"]
[EventDate "2011.??.??"]
[WhiteTeam "Hessen 3"]
[BlackTeam "Berlin 2"]

1. e4 e6 2. d4 d5 3. e5 c5 4. c3 Nc6 5. Be3 Qb6 6. Qd2 Bd7 7. Nf3 cxd4 8. cxd4
Nge7 9. Nc3 Nf5 10. g4 Nxe3 11. fxe3 Be7 12. Bd3 Nb4 13. Be2 a5 14. a4 Rc8 15.
O-O Qd8 16. Ne1 O-O 17. Nd3 Nxd3 18. Bxd3 Bg5 19. Rf3 Qe7 20. Qf2 Bh4 21. Qg2
h6 22. Raf1 f6 23. exf6 Bxf6 24. Bg6 Bg5 25. Qg3 Rxf3 26. Rxf3 Rf8 27. Rxf8+
Qxf8 28. Kg2 Be7 29. Qc7 Bc6 30. Nb5 Qd8 31. Qe5 Qd7 32. Qb8+ Bf8 33. Nc3 Qd6
34. Qc8 Qe7 35. h3 Qf6 36. Be8 Bxe8 37. Qxe8 Qe7 38. Qxe7 Bxe7 39. Kf3 Bb4 40.
Ne2 Kf7 41. Nc1 b6 42. Nd3 Bd6 43. b3 Kf6 44. Nf4 Bxf4 45. exf4 g6 46. Ke3 Kf7
1/2-1/2

[Event "Bayern 2-Baden 2"]
[Site "Gladenbach"]
[Date "2011.09.14"]
[Round "4.1"]
[White "Villing, Dieter"]
[Black "Fischer, Gerd"]
[Result "1-0"]
[WhiteElo "2056"]
[BlackElo "2039"]
[PlyCount "76"]
[EventDate "2011.??.??"]
[WhiteTeam "Baden 2"]
[BlackTeam "Bayern 2"]

1. d4 d5 2. e4 dxe4 3. Nc3 Nf6 4. f3 exf3 5. Nxf3 e6 6. Bg5 Be7 7. Bd3 Nbd7 8.
O-O h6 9. Bf4 c6 10. Qd2 Nb6 11. Rae1 Nbd5 12. Nxd5 exd5 13. Ne5 Kf8 14. Qe2
Bd7 15. h4 Be8 16. h5 Bd6 17. Bg3 Bxe5 18. dxe5 Ne4 19. Bxe4 dxe4 20. Qxe4 Kg8
21. Rd1 Qg5 22. Qf3 Kh7 23. Qd3+ Kg8 24. Rf5 Qe7 25. Qe3 Qe6 26. Rf4 Kh7 27.
Qe4+ Kg8 28. b3 b6 29. Rd6 Qc8 30. Bh4 c5 31. Qd5 Qc7 32. e6 fxe6 33. Qxe6+ Kh7
34. Qe4+ Kg8 35. Qc4+ Kh7 36. Qd3+ Kg8 37. Bd8 Rxd8 38. Rxd8 Qc6 1-0

[Event "Bayern 2-Baden 2"]
[Site "Gladenbach"]
[Date "2011.09.14"]
[Round "4.2"]
[White "Hein, Manfred"]
[Black "Striebich, Rudolf"]
[Result "0-1"]
[WhiteElo "1916"]
[BlackElo "2036"]
[PlyCount "112"]
[EventDate "2011.??.??"]
[WhiteTeam "Bayern 2"]
[BlackTeam "Baden 2"]

1. d4 Nf6 2. Nf3 g6 3. g3 Bg7 4. Bg2 O-O 5. O-O d6 6. c4 Nbd7 7. Nc3 c5 8. e3
a6 9. Re1 Rb8 10. a4 b6 11. b3 Bb7 12. Bb2 e6 13. e4 Qc7 14. d5 e5 15. h3 Nh5
16. Bc1 Bc8 17. Bd2 h6 18. Qc1 Kh7 19. g4 Nf4 20. Bxf4 exf4 21. Ra2 g5 22. Qc2
Ne5 23. Nxe5 Bxe5 24. Qd3 Kg7 25. Kf1 Rh8 26. Ke2 Qe7 27. Kd1 Bd7 28. Kc2 h5
29. gxh5 Rxh5 30. Rh1 Rbh8 31. a5 bxa5 32. Rxa5 Bc8 33. Raa1 Qf6 34. Rab1 Bxc3
35. Qxc3 Qxc3+ 36. Kxc3 Bxh3 37. Bxh3 Rxh3+ 38. Rxh3 Rxh3+ 39. Kd2 a5 40. Ra1
Rxb3 41. Rxa5 Kf6 42. Ra6 Ke5 43. Ra7 Kxe4 44. Rd7 Rb6 45. Rxf7 g4 46. Rf6 Kf3
47. Kd3 Ra6 48. Kc3 Ra8 49. Kd3 Ra3+ 50. Kd2 Ra2+ 51. Kd3 Rxf2 52. Rxd6 g3 53.
Rg6 Rh2 54. d6 Rh7 55. Rg5 g2 56. Rg6 Rd7 0-1

[Event "Bayern 2-Baden 2"]
[Site "Gladenbach"]
[Date "2011.09.14"]
[Round "4.3"]
[White "Sandmeier, Toni"]
[Black "Anliker, Peter"]
[Result "1-0"]
[WhiteElo "2135"]
[BlackElo "1868"]
[PlyCount "71"]
[EventDate "2011.??.??"]
[WhiteTeam "Baden 2"]
[BlackTeam "Bayern 2"]

1. c4 Nf6 2. g3 g6 3. Bg2 Bg7 4. Nc3 O-O 5. e3 d6 6. Nge2 e5 7. O-O Nbd7 8. b3
Ne8 9. d3 f5 10. f4 Nef6 11. Qd2 Re8 12. Bb2 c6 13. Rae1 Nf8 14. Kh1 Qc7 15. e4
Bd7 16. d4 Nxe4 17. Nxe4 fxe4 18. Bxe4 Bh3 19. Rf2 Rad8 20. Ng1 Bc8 21. d5 c5
22. Rfe2 Qf7 23. Nf3 Bf6 24. Qc3 Bg4 25. fxe5 Bxf3+ 26. Qxf3 dxe5 27. Qg2 Rd6
28. Rf2 Qe7 29. Qh3 Bg7 30. Ref1 Nd7 31. Bc1 Rf8 32. Be3 b6 33. Qg4 Nf6 34. Qh4
Qd7 35. Bg2 Qg4 36. Rxf6 1-0

[Event "Bayern 2-Baden 2"]
[Site "Gladenbach"]
[Date "2011.09.14"]
[Round "4.4"]
[White "Ganslmayer, Herbert"]
[Black "Funk, Paul"]
[Result "0-1"]
[WhiteElo "1678"]
[BlackElo "1940"]
[PlyCount "100"]
[EventDate "2011.??.??"]
[WhiteTeam "Bayern 2"]
[BlackTeam "Baden 2"]

1. d3 e5 2. Nd2 Nf6 3. g3 Be7 4. Bg2 O-O 5. Ngf3 d6 6. O-O c6 7. e4 Bg4 8. h3
Bd7 9. a4 Qc8 10. Kh2 Na6 11. Nc4 Nc5 12. Nh4 Ne8 13. Qh5 g6 14. Qh6 Bf6 15.
Nf3 b5 16. axb5 cxb5 17. Ne3 Bg7 18. Qh4 Nf6 19. Nd5 Nxd5 20. exd5 f6 21. Be3
a5 22. Bh6 g5 23. Bxg5 fxg5 24. Nxg5 h6 25. Ne6 Nxe6 26. dxe6 Bc6 27. e7 Re8
28. Bxc6 Qxc6 29. c4 b4 30. f4 d5 31. f5 Qf6 32. cxd5 Rxe7 33. Qc4 Rf7 34. Rac1
Bf8 35. Qe4 Ra6 36. Rc8 Qd6 37. Rfc1 Qb6 38. R1c2 Qd4 39. Qf3 Rd6 40. R8c5 a4
41. h4 b3 42. R2c4 Qxb2+ 43. Kh3 a3 44. Rc7 Rdf6 45. Rxf7 Rxf7 46. Rg4+ Kh8 47.
Rg6 Qc1 48. Qe2 Qh1+ 49. Kg4 Qxd5 50. Qe3 Qd4+ 0-1

[Event "Sachsen Anhalt 2-Württemberg 2"]
[Site "Gladenbach"]
[Date "2011.09.14"]
[Round "4.1"]
[White "Hottes, Dieter"]
[Black "Hamm, Georg"]
[Result "1/2-1/2"]
[WhiteElo "2035"]
[BlackElo "2022"]
[PlyCount "33"]
[EventDate "2011.??.??"]
[WhiteTeam "Württemberg 2"]
[BlackTeam "Sachsen Anhalt 2"]

1. d4 Nf6 2. c4 d6 3. Nc3 c6 4. e4 Nbd7 5. Nf3 e5 6. Be2 Be7 7. O-O O-O 8. h3
Re8 9. Be3 Qc7 10. Qc2 Nf8 11. Rfd1 Ng6 12. Rab1 h6 13. b4 Nh7 14. Bf1 Ng5 15.
Ne1 Rf8 16. dxe5 dxe5 17. c5 1/2-1/2

[Event "Sachsen Anhalt 2-Württemberg 2"]
[Site "Gladenbach"]
[Date "2011.09.14"]
[Round "4.2"]
[White "Liebscher, Helmar"]
[Black "Franck, Rudolf"]
[Result "1-0"]
[WhiteElo "1990"]
[BlackElo "2084"]
[PlyCount "103"]
[EventDate "2011.??.??"]
[WhiteTeam "Sachsen Anhalt 2"]
[BlackTeam "Württemberg 2"]

1. e4 d6 2. d4 f5 3. exf5 Bxf5 4. Qf3 Qc8 5. Bc4 Nf6 6. Nh3 Bxc2 7. Ng5 d5 8.
Bxd5 Nxd5 9. Qf7+ Kd8 10. Qxd5+ Ke8 11. Qf7+ Kd8 12. Ne6+ Kd7 13. Bg5 Na6 14.
Na3 Bg6 15. Nxf8+ Qxf8 16. Qd5+ Kc8 17. Qe6+ Kd8 18. O-O Bf7 19. Qe5 h6 20. Bf4
c6 21. b4 e6 22. b5 cxb5 23. Nxb5 g5 24. Nd6 Ke7 25. Bg3 Rd8 26. Rfe1 Rh7 27.
Qe4 Rxd6 28. Bxd6+ Kxd6 29. Qxh7 Nc7 30. Qe4 Nd5 31. Rab1 b6 32. Rbc1 Kd7 33.
Qc2 Qa8 34. Qh7 Qf8 35. Re5 Kd6 36. h3 Nf6 37. Qc2 Qd8 38. Qc6+ Ke7 39. Qc7+
Qd7 40. g3 Nd5 41. Qc4 Bg6 42. Rce1 Nc7 43. d5 Bf7 44. a4 Kf6 45. Qc3 Ke7 46.
Qb4+ Qd6 47. Qb3 Kf6 48. Qc3 Ke7 49. Qd4 Qd8 50. h4 gxh4 51. Qxh4+ Kd7 52.
dxe6+ 1-0